000 00712nam a22001815i 4500
001 158932
003 ES-MaACL
005 20230906211400.0
008 990723s1896 sp a |||| | spa d
040 _aCCPB | B
_bspa
_cCCPB | B
100 1 _aMartínez, Lisardo.
_9129661
245 1 0 _aProvincia de La Coruña
_b: memoria de valoraciones para el año de 1893 /
_credactada por Lisardo Martínez.
260 _aMadrid :
_b[s.n.],
_c1896 (
_fImp., fund. y fáb. de tintas de los hijos de J.A. García)
300 _a157 p. :
_bil. ;
_c24 cm.
599 1 _aLas il. son cuadros con datos estadísticos.
651 4 _aLa Coruña-
_y1893-
_vMemorias y balances.
_9137245
852 _aES-MaACL
_jF-6473
_z-- Enc. hol.
999 _c158932
_d158932